محفوظ في:

المؤلف الرئيسي: Kārstin Nībūr.

مؤلفون آخرون: tarǧamaẗ ʿan al-aṣl al-alamānī wa-ʿallaqa ʿalayha wa-qaddama la-hā Muṣṭafá Māhir.

التنسيق: كتاب

اللغة: Undetermined

منشور في: Cairo : Al-Hayʿaẗ al-Miṣrīyaẗ al-ʿĀmmaẗ li-l-Kitāb, 2012.

الموضوعات:

الوسوم: إضافة وسم

لا توجد وسوم, كن أول من يضع وسما على هذه التسجيلة!

رقم الطلب: DS206 .N612 v.1

LEADER 00598nam a2200169Ia 4500
008 240329s9999||||xx |||||||||||||| ||und||
020 |a 978-9772071395 
050 4 |a DS206 .N612 v.1 
100 1 |a Kārstin Nībūr. 
245 1 0 |c Kārstin Nībūr 
264 1 |a Cairo :  |b Al-Hayʿaẗ al-Miṣrīyaẗ al-ʿĀmmaẗ li-l-Kitāb,  |c 2012. 
300 |a  468 p  |c 24 cm 
650 |a  Egipto Descripción S.XII-XVIII 
650 |a Países árabes Descripción S.XVIII 
700 1 |a tarǧamaẗ ʿan al-aṣl al-alamānī wa-ʿallaqa ʿalayha wa-qaddama la-hā Muṣṭafá Māhir. 
942 |2 lcc  |c BK 
999 |c 57707  |d 57707